| 000 | 00411nam a2200145 a 4500 | ||
|---|---|---|---|
| 001 | 1861 | ||
| 003 | CDMR | ||
| 005 | 20130729103843.0 | ||
| 008 | 130130s2003||||||||||||||||||||||||||||d | ||
| 040 |
_aCDMR _bcat _cCPC GIRONA |
||
| 100 | 1 |
_aCosta i Fernández, Lluís _9647 |
|
| 245 | 1 | 0 |
_aL'organització municipal: _bentre el control i l'autonomia _cCosta, Lluís |
| 260 |
_c2003 _bAjuntament de Sils |
||
| 942 |
_cMON _2udc |
||
| 999 |
_c1861 _d1861 |
||